| 000 | 00824nam a22002417a 4500 | ||
|---|---|---|---|
| 005 | 20250912103644.0 | ||
| 008 | 250829b |||||||| |||| 00| 0 eng d | ||
| 020 | _a9788126051533 | ||
| 040 | _cAL | ||
| 041 | _aKannada | ||
| 082 |
_aK894.301 _bRANB |
||
| 100 |
_aRana Nayar _9238570 |
||
| 100 |
_aರಾಣಾ ನಾಯರ್ _9238571 |
||
| 245 |
_aBhavishyada Kathegalu _bಭವಿಷ್ಯದ ಕಥೆಗಳು |
||
| 260 |
_aNew Delhi _bSahitya Akademi _c2016 |
||
| 300 |
_a296 p. _bPB _c21.5x14 cm. |
||
| 365 |
_a3048-3049 _b₹130.00 _c₹ _d₹210.00 _f14-08-2025 |
||
| 650 |
_aKannada Fiction _9237576 |
||
| 650 |
_aA Collection of Contemporary Indian Stories in English _9237577 |
||
| 700 |
_aH S Manjunatha _9237578 |
||
| 700 |
_aಹೆಚ್ ಎಸ್ ಮಂಜುನಾಥ tr _9238572 |
||
| 942 |
_2ddc _cBK |
||
| 999 |
_c240394 _d240394 |
||